000 00752 a2200265 4500
260 _aTunis
630 _a91 - Geographie. Exploration de la terre, des diverses regions, des divers pays. Voyages. Geographie regionale
650 _a9 - GEOGRAPHIE ET HISTOIRE
100 _aSethom, Hafedh
260 _bUniversité de Tunis
245 _aL'Agriculture de la presqu'île du Cap Bon (Tunisie) : structures sociales et économie rurale
300 _a529 p.
650 _aAgriculture
650 _aCap Bon
650 _aEconomie rurale
650 _aTunisie
260 _c1977
300 _b27 cm
100 _lFr
440 _aCollection connaissance du Maghreb
037 _aL1458
044 _cTunisie
999 _c35607
_d35607